Monocle (Record no. 5419)

MARC details
000 -CABECERA
campo de control de longitud fija 01857nam a22002297a 4500
005 - FECHA Y HORA DE LA ÚLTIMA TRANSACCIÓN
campo de control 20260407101658.0
008 - DATOS DE LONGITUD FIJA--INFORMACIÓN GENERAL
campo de control de longitud fija 260407b |||||||| |||| 00| 0 eng d
022 ## - NÚMERO INTERNACIONAL NORMALIZADO PARA PUBLICACIONES SERIADAS
Número Internacional Normalizado para Publicaciones Seriadas 1754-7001
040 ## - FUENTE DE LA CATALOGACIÓN
Centro/agencia transcriptor tbs
041 ## - CÓDIGO DE LENGUA
Código de lengua original English
245 ## - MENCIÓN DE TÍTULO
Título Monocle
250 ## - MENCIÓN DE EDICIÓN
Mención de edición Physical copies are available on the journal display stand. The first issue received in print is dated April 2026
260 ## - PUBLICACIÓN, DISTRIBUCIÓN, ETC.
Lugar de publicación, distribución, etc. London [Monocle, Winkontent Ltd.] [n.d.]
300 ## - DESCRIPCIÓN FÍSICA
Otras características físicas v. ill., col. 27 cm
505 ## - NOTA DE CONTENIDO CON FORMATO
Nota de contenido con formato If you need access to specific articles or archive content, please contact the Library: biblioteca@tbs-education.es
520 ## - SUMARIO, ETC.
Sumario, etc. Monocle is an international magazine covering global affairs, business, culture, design, and lifestyle. It offers in-depth reporting, analysis, and commentary on economic trends, urbanism, geopolitics, branding, and entrepreneurship. The magazine is known for its high-quality editorial approach and global perspective, making it a valuable resource for research in areas such as: International business — Urban studies — Branding and marketing — Design and innovation — Global trends and geopolitics.<br/><br/>Publication type: General interest magazine with strong business and cultural analysis focus<br/>Coverage: Global<br/>Audience: Professionals, entrepreneurs, designers, analysts, researchers, and general readers interested in international affairs
650 #0 - PUNTO DE ACCESO ADICIONAL DE MATERIA--TÉRMINO DE MATERIA
Término de materia o nombre geográfico como elemento de entrada International Business environment
Subdivisión de forma Periodicals
650 #0 - PUNTO DE ACCESO ADICIONAL DE MATERIA--TÉRMINO DE MATERIA
Término de materia o nombre geográfico como elemento de entrada Global affairs
Subdivisión de forma Periodicals
650 #0 - PUNTO DE ACCESO ADICIONAL DE MATERIA--TÉRMINO DE MATERIA
Término de materia o nombre geográfico como elemento de entrada Design and lifestyle
Subdivisión de forma Periodicals
856 ## - LOCALIZACIÓN Y ACCESO ELECTRÓNICOS
Identificador Uniforme del Recurso <a href="https://forms.office.com/pages/responsepage.aspx?id=3JgoptjIYEy4BQK1rRDJg0iwbkJM24xIuPOmWtt7hitUQkU4QTNHNTg2WlhDUDRQQ1hZWVZKMks3WiQlQCN0PWcu&route=shorturl">https://forms.office.com/pages/responsepage.aspx?id=3JgoptjIYEy4BQK1rRDJg0iwbkJM24xIuPOmWtt7hitUQkU4QTNHNTg2WlhDUDRQQ1hZWVZKMks3WiQlQCN0PWcu&route=shorturl</a>
Texto de enlace Please fill in this form if you require access to an article from the archive or if you are carrying out a subject search. Website of Monocle
942 ## - ELEMENTOS DE ENTRADA AGREGADA (KOHA)
Fuente del sistema de clasificación o colocación Clasificación de Library of Congress
Tipo de ítem Koha Professional Journal
Holdings
Estado de retiro Estado de pérdida Fuente del sistema de clasificación o colocación Estado dañado Restricciones de uso No para préstamo Código de colección Biblioteca de origen Biblioteca actual Ubicación en estantería Fecha de adquisición Total de préstamos Signatura topográfica completa Código de barras Fecha visto por última vez Número de copia Precio válido a partir de Tipo de ítem Koha Nota pública
    Clasificación de Library of Congress   Reference Only Reference Only Referencia TBS Barcelona TBS Barcelona Exhibido 07/04/2026   The journal is available on the new arrivals shelf B09004 07/04/2026 1 07/04/2026 Professional Journal April 2026 - Issue 192

Powered by Koha